Kačenka a rytíř ze Lhotky

Saved in:
Bibliographic Details
Main Author Krutá, Zuzana, Dreadka
Other Authors Martina Boučková
Format Electronic eBook
LanguageCzech
Published Bambook 2026
Edition1. elektronické vydání
Subjects
Online AccessDostupné v BOOKPORT po přihlášení pomocí eduID
ISBN978-80-271-6418-9
978-80-271-5624-5
Physical Description1 online zdroj (192 stran)

Cover

LEADER 00000nam a2200000 i 4500
001 bkp14726
003 CZ-prgp
005 20260428085733.0
006 m o d
007 cr cn
008 260428s2026 xr o 000 0 cze
020 |a 978-80-271-6418-9  |c 280 Kč  |q (online ; pdf) 
020 |a 978-80-271-5624-5  |c 329 Kč  |q (print) 
040 |a Grada  |b cze  |e rda 
100 1 |a Krutá, Zuzana, Dreadka 
245 1 0 |a Kačenka a rytíř ze Lhotky  |c Dreadka Krutá Zuzana, Martina Boučková 
250 |a 1. elektronické vydání 
264 1 |b Bambook  |c 2026 
300 |a 1 online zdroj (192 stran) 
336 |a text  |b txt  |2 rdacontent 
337 |a počítač  |b c  |2 rdamedia 
338 |a online zdroj  |b cr  |2 rdacarrier 
520 3 |a Pavlík, obyčejný kluk z vesnice, tráví poslední dny prázdnin s kamarády. Do sousedství se přistěhuje tichá a uzavřená Kačenka, která téměř vždy nosí masku nebo převlek. Pavlík postupně zjišťuje, že se tak neskrývá kvůli hře, ale před pohledy ostatních, a pochopí, že skutečné hrdinství znamená chránit slabší. 
650 0 4 |a Příběhy, deníky 
700 1 |a Martina Boučková 
856 4 0 |u https://www.bookport.cz/AccountSaml/SignIn/?idp=https://shibboleth.utb.cz/idp/shibboleth&returnUrl=/kniha/kacenka-a-rytir-ze-lhotky-16011/  |y Dostupné v BOOKPORT po přihlášení pomocí eduID